000
00291nam a22001337a 4500
008
171123b xxu||||| |||| 00| 0 eng d
020
_a
0442280688
041
_a
eng
080
_a
721
100
_a
41
101
_a
NDE
245
_a
BUILDING AN OPEN SYSTEM
_c
JACOB.S
942
_2
udc
_c
BK
999
_c
38369
_d
38369